000
00295nam a22001337a 4500
008
170519b xxu||||| |||| 00| 0 eng d
020
_a
9780073330150
041
_a
eng
080
_2
6 ED
_a
94
100
_a
16
101
_a
SHHH
245
_a
NATIONS OF NATIONS
_c
DELAY.B
942
_2
udc
_c
BK
999
_c
13499
_d
13499